00442nam a2200157Ia 4500003000400000005001700004008004000021020001800061040000700079041001200086082001700098100002300115245010100138260003700239300000800276OSt20230929164131.0210210b1994 xxu||||| |||| 00| 0 eng d a81 7201 036 2 cAL aKonkani a891.463 KARM aKARANT (Shivaram). aMatyecho mog. ಮಾತ್ಯೆಚೊ ಮೋಗ್b Tr by Yashavant Sadanand Palekar. aNew Delhi.bSahity Akademic1994 a336